Globalization, politics and the nation : (Record no. 1678947)

MARC details
000 -LEADER
fixed length control field 00537 a2200181 4500
005 - DATE AND TIME OF LATEST TRANSACTION
control field 20260302095435.0
008 - FIXED-LENGTH DATA ELEMENTS--GENERAL INFORMATION
fixed length control field 260226b |||||||| |||| 00| 0 eng d
020 ## - INTERNATIONAL STANDARD BOOK NUMBER
International Standard Book Number 9788193887752
040 ## - CATALOGING SOURCE
Transcribing agency SDCL
041 ## - LANGUAGE CODE
Source of code eng
Language code of text/sound track or separate title eng
084 ## - COLON CLASSIFICATION NUMBER
Classification number V2y7M91 R3
245 ## - TITLE STATEMENT
Title Globalization, politics and the nation :
Remainder of title Critical reflections on Dr. B.R. Ambedkar
260 ## - PUBLICATION, DISTRIBUTION, ETC.
Place of publication, distribution, etc. Delhi :
Name of publisher, distributor, etc. Chanakya Pub.& Dist.,
Date of publication, distribution, etc. 2023.
300 ## - PHYSICAL DESCRIPTION
Extent xxii, 257p.
700 ## - ADDED ENTRY--PERSONAL NAME
Personal name Sudhir, Singh Ed.
700 ## - ADDED ENTRY--PERSONAL NAME
Personal name Thomas, Sabu Ed.
942 ## - ADDED ENTRY ELEMENTS (KOHA)
Koha item type Textual
Source of classification or shelving scheme Colon Classification (CC)
700 ## - ADDED ENTRY--PERSONAL NAME
-- 1116764
700 ## - ADDED ENTRY--PERSONAL NAME
-- 1116763
999 ## -
-- 1678947
-- 1678947
Holdings
Withdrawn status Lost status Source of classification or shelving scheme Damaged status Not for loan Home library Current library Date acquired Source of acquisition Cost, normal purchase price Inventory number Total checkouts Full call number Barcode Date last seen Cost, replacement price Price effective from Koha item type
    Colon Classification (CC)     South Campus Library South Campus Library 2026-02-07 126 684.00 CPD 931 & 15/12/2025   V2y7M91 R3 SC1691576 2026-02-07 855.00 2026-02-07 Textual
Copyright @ Delhi University Library System